000 00956nam a22002417a 4500
001 4201
003 FISKH
005 20250820124019.0
008 240627b cb ||||| |||| 00| 0 eng d
020 _a708431211797
040 _aFISKH
_beng
_cFISKH
_dFISKH
050 _aPZ7
082 _a741.5
100 _aAnonymous
245 _aBen 10 :
_b"Wanted : Kevin Levin" /
260 _aOntario :
_bLeap Frog,
_c1999.
300 _a26 pages :
_bcolor illustrations ;
_c24 cm
490 _aBen 10
520 _aEver since Kevin used his powers to move a meteorite, he's been acting strangely. When he is captured by the alien bounty hunter Seven Seven, it's up to Ben and Gwen to rescue him and get to the bottom of this mystery before it's too late. Teaches logic and reasoning, literary analysis and critical thinking, reading comprehension and memory skills.
650 _aGraphic
_vChildren's Fiction
942 _2ddc
_cBK
_n0
999 _c4201
_d4201